| 000 | 00836nam a2200229Ia 4500 | ||
|---|---|---|---|
| 001 | 9147 | ||
| 003 | GE_BSU | ||
| 008 | 181216s||||||||xx |||||||||||||| ||und|| | ||
| 040 | _cGE_BSU | ||
| 080 | _a821.353.1-2 | ||
| 100 | _aკაკაბაძე,პოლიკარპე | ||
| 245 | _aდრამატული თხზულებები | ||
| 245 | _bკომედია 4 მოქმედებად | ||
| 245 | _cრედ.მ.ბაკურაძე.მხატვ.ჯ.ყაველაშვილი | ||
| 260 | _aთბილისი | ||
| 260 | _bსაბჭოთა საქართველო | ||
| 260 | _c1959 | ||
| 300 | _a549გვ.1ფ.პორტრ.21სმ. | ||
| 653 | _aდრამატული თხზულებები | ||
| 653 | _aკომედია | ||
| 942 | _cBK | ||
| 999 |
_c42451 _d42451 |
||